| 000 | 00699nam a2200205 i 4500 | ||
|---|---|---|---|
| 001 | 56185 | ||
| 003 | ES-MaACL | ||
| 005 | 20250815062602.0 | ||
| 007 | t| | ||
| 008 | 031006s1961 sp ||||1| spa d | ||
| 100 | 1 |
_aDíaz-Retg, Enrique. _944408 |
|
| 245 | 1 | 3 |
_aUn mundo nuevo : _bestudio histórico crítico de la formación, transformación y liquidación de los imperios y colonias / _cEnrique Díaz-Retg. |
| 260 |
_aBarcelona : _bSerrahima y Urpí, _c1961. |
||
| 300 |
_a260 p. : _bil. ; _c25 cm. |
||
| 650 | 7 |
_aHistoria universal _2embne _913429 |
|
| 650 | 0 | 0 |
_aImperialismo- _xHistoria. _913602 |
| 650 | 7 |
_aColonialismo _2embne _911149 |
|
| 852 |
_aES-MaACL _jC-19807 |
||
| 999 |
_c56185 _d56185 |
||